000 00530nam a2200217Ia 4500
003 OSt
005 20230425092204.0
008 210423s2002 xx 000 0 und d
020 _a521531748
040 _cAL
041 _aeng
082 _a660.6 RATC
100 _aRATLEDGE (Colin).
_992229
245 _aBasic biotechnology.
260 _aCambridge
_bCambridge University Press
_c2002
300 _axiii,568
_bPB
365 _b350
_cINR
650 _aBiotechnology
_992230
906 _abiotechnology
942 _2ddc
_cBK
999 _c162594
_d162594